1188 1010 1442 1449 1583 1307 1925 1363 1683 1508 1734 1426 1252 1847 1380 1893 1983 1571 1744 1759 1169 1250 1506 1615 1615 1158 1099 1862 1296 1954 1290 1245 1750 1698 1836 1819 1523 1100 1683 1218 1839 1647 1963 1289 1217 1935 1088 1781 1996 1331 1936 1836 1219 1487 1651 1200 1083 1427 1355 1303 1958 1080 1417 1884 1339 1242 1364 1733 1014 1485 1927 1155 1531 1055 1298 1460 1596 1302 1402 1425 1399 1016 1746 1345 1971 1426 1515 1907 1164 1934 1321 1719 1935 1930 1206 1078 1021 1368 1845 BCNSPRNW ULIB Ver.6.0+V

เปลี่ยนเป็นภาษาไทย

Change to English
 แสดงรายละเอียดบรรณานุกรม
  กลับหน้าหลัก

Brief Record : Get Marc (ISO 2709) : E-mail record : QR code < ปิดหน้าต่าง
LEADER : 00000nam 2200000uu 4500
001    13399127037
003     ULIB
008    020711s2561 th a 000 0 tha d
020    ^a9786163920393
060    ^aWS103^bก344ก
110    ^aกองบรรณาธิการสำนักพิมพ์โลกหนังสือ
245    ^aกระต่ายตื่นตูม ชุดนิทานสุภาษิต 2 ภาษา (ไทย-อังกฤษ) หนูอ่านเองได้
250    ^aพิมพ์ครั้งที่ 1
260    ^aกรุงเทพฯ :^bบริษัทสำนักพิมพ์โลกหนังสือ จำกัด,^c2561
300    ^a12 หน้า;^b21 ซม.
650    ^aเด็ก^xการเรียนการสอน
945    ^p50^l0^i006225
999    ^aประนอม เกษจรัล
รายการนี้ยังไม่มีแท็ก
คุณยังไม่ได้ล็อกอิน คุณสามารถมีกิจกรรมร่วมกับเว็บไซต์ได้ แต่ต้องล็อกอินก่อน ::
  ล็อกอิน

รายการสื่อสารสนเทศ

ลำดับที่ ประเภท เลขเรียก/บาร์โค้ด สถานที่ สถานะ
1. วิทยาศาสตร์การแพทย์ และสุขภาพ
วิทยาศาสตร์การแพทย์ และสุขภาพ
WS103 ก344ก ฉ.1 
  Barcode: 006225
ห้องสมุดวิทยาเขตสวรรค์ประชารักษ์
►หนังสือทั่วไป
บนชั้น

BibComment


ยังไม่เคยถูกคอมเมนท์

คอมเมนท์ทรัพยากรรายการนี้
  คอมเมนท์: กระต่ายตื่นตูม ช..


 Copyright 2026. Bcnsprnw @Library